<?xml version="1.0" encoding="UTF-8"?>
<marc:record xmlns:marc="http://www.loc.gov/MARC21/slim">
   <marc:leader>00000nam a2200000 a 4500</marc:leader>
   <marc:datafield ind1="0" ind2="0" tag="245">
      <marc:subfield code="a">Ich will auch</marc:subfield>
   </marc:datafield>
   <marc:datafield ind1="0" ind2="0" tag="245">
      <marc:subfield code="b">Ö3</marc:subfield>
   </marc:datafield>
   <marc:datafield ind1=" " ind2="1" tag="264">
      <marc:subfield code="b">Ich will auch Records</marc:subfield>
   </marc:datafield>
   <marc:datafield ind1="1" ind2=" " tag="520">
      <marc:subfield code="a">LOOSE LIPS: Days like These - ALICE IN THE FIELDS: Sweet Angels - EICHHORN: 6 - HERTZ: Madl, glaub´ ma - H - ANT ORANGE: Es geht um nichts - TECHNOKRATEN: Baba - SONZ OF DA DOOM: Hip Hop Thing - NEUE LIEBE (Heller &amp; Heller): Sag mir - BETWEEN: Live To Be - M.B.O: Ich kann mich nicht leiden - AL &amp; JOHN: Going FO L.A. - JACK: Beim Brandinesa - WALLNER: Susis Hollywood - X-PAGE: Wake Up - THE NEXT: Alive &amp; Alone.</marc:subfield>
   </marc:datafield>
   <marc:datafield ind1="0" ind2=" " tag="490">
      <marc:subfield code="v">0</marc:subfield>
   </marc:datafield>
</marc:record>
